000 01657cam a22004574i 4500
003 PE-LiUPU
005 20250731172857.0
008 161116s2013 ag a r 000 0 spa d
020 _a9875679119
020 _a9789875679115
035 _a(Sirsi) a165137
040 _aPE-LiUPU
_bspa
_cPE-LiUPU
_erda
082 0 4 _a241
_bC434p
_223
100 1 _aChaij, Enrique,
_eautor.
245 1 3 _aEl poder del amor y otras fuerzas que ayudan a vivir /
_cEnrique Chaij.
264 1 _aBuenos Aires :
_bAsociación Casa Editora Sudamericana,
_c2013.
300 _a256 páginas :
_bilustraciones ;
_c21 centímetros
336 _atext
_2rdacontent
337 _aunmediated
_2rdamedia
338 _avolume
_2rdacarrier
505 0 _aEl amor en acción -- El amor en el hogar -- El amor en la juventud -- Enemigos del amor -- El poder de la voluntad -- El poder de la salud -- El poder de la fe -- El poder de la esperanza -- El mayor poder.
526 _aSEG42
526 _aSEG41
526 _aSEG40
526 _aSEG39
526 _aP94
526 _aP87
526 _aP86
526 _aP85
526 _aP77
526 _aP76
526 _aP35
650 0 4 _aEspiritualidad Cristiana.
910 _abgr
942 _2ddc
_cBOOK
949 _a241 CH15 2012
_wDEWEY
_c1
_iFJ09210
_lCCODEBUJ1
_mBUJ
_p10.00
_r0
_sY
_tBOOK
_u2017-11-14
_xBIBLIOTECA
_zUNKOWN
_0COMPRA
_o.STAFF. Colección General Juliaca
999 _c13921
_d13921
980 _81
_gALBERTO SANCHEZ Responsable de Automatización